Helping skills : a basic training program /

Bibliographic Details
Main Author: Danish, Steven J.
Other Authors: D'Augelli, Anthony R., Hauer, Allen L.
Format: Book
Language:English
Published: New York, N.Y. : Human Sciences Press, [1980]
Edition:2nd ed.
Subjects:

MARC

Tag First Indicator Second Indicator Subfields
LEADER 00000cam a2200000 a 4500
001 in00000080844
005 20151008054111.0
008 801114s1980 nyu 00010 eng d
020 |a 0877054835 
035 |a (OCoLC)06940511 
035 |9 AAH9629AM 
040 |a MOL  |c MOL  |d m.c.  |d WIS  |d OCL  |d TXA  |d UtOrBLW 
049 |a TXAM  |c [800601] 
090 |a HV11  |b .D33 1980 
092 |a 361.007 
100 1 |a Danish, Steven J. 
245 1 0 |a Helping skills :  |b a basic training program /  |c by Steven J. Danish, Anthony R. D'Augelli, and Allen L. Hauer. 
250 |a 2nd ed. 
264 1 |a New York, N.Y. :  |b Human Sciences Press,  |c [1980] 
264 4 |c ©1980 
300 |a 119 pages ;  |c 24 cm. 
336 |a text  |b txt  |2 rdacontent 
337 |a unmediated  |b n  |2 rdamedia 
338 |a volume  |b nc  |2 rdacarrier 
500 |a On cover: Trainee's workbook. 
650 0 |a Paraprofessionals in social service  |x In-service training  |x Handbooks, manuals, etc. 
700 1 |a D'Augelli, Anthony R. 
700 1 |a Hauer, Allen L. 
999 |a MARS 
999 f f |s ca83baf9-16aa-3687-bba1-c18bf49783b4  |i b39271d4-3b4d-3e67-9fd0-8628d43eee2d  |t 0 
952 f f |p ric  |a Texas A&M University  |b Rellis Campus  |c Joint Library Facility  |d Remote Storage  |t 0  |e HV11 .D33 1980  |h Library of Congress classification  |i unmediated -- volume  |m A14806145245 
998 f f |a HV11 .D33 1980  |t 0  |l Remote Storage